000 00445nam a2200133Ia 4500
008 100328s9999 xx 000 0 und d
082 _b11996
100 _aटोळ दत्ता श्री.
245 _aमृत्युंजयाच्या कथा
260 _bअनंत
630 _aमृत्युंजयाच्या कथा
730 _aमृत्युंजयाच्या कथा
942 _cBOOK
999 _c507293
_d507290